15 principales países afectados por Covid19 - 17 de julio - Estadísticas

Estadísticas generales
  • Esta prueba ha sido intentada 7 veces
  • La puntuación promedio es 12 de 25
Estadísticas de respuestas
país % Correcto
Brasil
100%
España
100%
Estados Unidos
100%
Italia
86%
Perú
86%
Chile
71%
Chile
71%
México
71%
Reino Unido
71%
Rusia
71%
India
57%
Irán
43%
Pakistán
43%
Suecia
43%
Arabia Saudita
29%
Catar
29%
Panamá
29%
Singapur
29%
Sudáfrica
29%
Armenia
14%
Baréin
14%
Bielorrusia
14%
Kuwait
14%
Omán
14%
Turquía
14%
No se encontraron pruebas coincidentes
Distribución de puntuación
Porcentaje de gente con cada puntuación
Porcentaje por número respondido
Historial de tus puntuaciones
No has intentado esta prueba.